N'oubliez pas les paroles! #2 - Statistiques

Statistiques générales
  • Ce quiz a été pris 15 868 fois
  • Le résultat moyen est 28 sur 36
Réponses sur la Carte
Les réponses sont colorées sur une échelle allant du rouge au vert en fonction du pourcentage des utilisateurs qui les ont devinées à leur premier essai. Vous pouvez retrouver ces pourcentages ci-dessous.
 
Statistiques - réponses
Chanson Réponse % Correct
2 tout
99%
4 tout
99%
5 j’
96%
3 qui
96%
5 qui
96%
4 en
95%
4 la
95%
4 me
95%
2 contre
94%
4 je
94%
4 rose
94%
4 vie
94%
4 bas
93%
4 vois
93%
2 guerrier
92%
4 il
91%
4 parle
91%
5 ai
82%
5 et
72%
5 les
72%
5 les
72%
1 des
69%
3 donne
68%
3 irresponsables
68%
5 merci
63%
5 oublié
63%
3 naissance
60%
3 aux
59%
5 ces
58%
1 vacances
58%
5 un
57%
5 rêves
56%
5 choses
55%
5 toutes
55%
5 avaient
53%
5 prix
53%
Aucun quiz correspondant
Distribution des résultats
% des personnes avec chaque résultat
Percentile par nombre de réponses
Votre historique - résultats
Vous n’avez pas pris ce quiz